Central Library OPAC University of Rajshahi

Gladstone and liberalism / (Record no. 24763)

MARC details
000 -LEADER
fixed length control field 01079cam a22003131 4500
001 - CONTROL NUMBER
control field 24763
003 - CONTROL NUMBER IDENTIFIER
rucl marc code BD-RjUL
005 - DATE AND TIME OF LATEST TRANSACTION
control field 20211209001109.0
008 - FIXED-LENGTH DATA ELEMENTS--GENERAL INFORMATION
fixed length control field 140315s19671966nyu 001 0beng
035 ## - SYSTEM CONTROL NUMBER
System control number (BD-RjUL)24832
040 ## - CATALOGING SOURCE
Original cataloging agency DLC
Transcribing agency DLC
Modifying agency DLC
-- BD-RjUL
Language of cataloging eng
041 ## - LANGUAGE CODE
Language code of text/sound track or separate title eng
082 00 - DEWEY DECIMAL CLASSIFICATION NUMBER
Classification number 942.0810924
Author mark and year HAG 1967
100 1# - MAIN ENTRY--PERSONAL NAME
Personal name Hammond, J. L.
Fuller form of name (John Lawrence),
Dates associated with a name 1872-1949.
9 (RLIN) 9242
245 10 - TITLE STATEMENT
Title Gladstone and liberalism /
Statement of responsibility, etc. by J. L. Hammond and M. R. D. Foot.
250 ## - EDITION STATEMENT
Edition statement 2nd ed.
260 ## - PUBLICATION, DISTRIBUTION, ETC. (IMPRINT)
Place of publication, distribution, etc. London :
Name of publisher, distributor, etc. Collier Books,
Date of publication, distribution, etc. c1966 [1967].
300 ## - PHYSICAL DESCRIPTION
Pagination 180 p. ;
Size 18 cm.
500 ## - GENERAL NOTE
General note "Note on books": p. 167-168.
504 ## - BIBLIOGRAPHY, ETC. NOTE
Bibliography, etc Includes index.
600 10 - SUBJECT ADDED ENTRY--PERSONAL NAME
Personal name Gladstone, W. E.
Fuller form of name (William Ewart),
Dates associated with a name 1809-1898.
610 20 - SUBJECT ADDED ENTRY--CORPORATE NAME
Corporate name or jurisdiction name as entry element Liberal Party (Great Britain)
650 #0 - SUBJECT ADDED ENTRY--TOPICAL TERM
Topical term or geographic name as entry element Liberalism
Geographic subdivision Great Britain
General subdivision History
Chronological subdivision 19th century.
9 (RLIN) 76230
651 #0 - SUBJECT ADDED ENTRY--GEOGRAPHIC NAME
Geographic name Great Britain
General subdivision Politics and government
Chronological subdivision 1837-1901.
9 (RLIN) 10732
700 1# - ADDED ENTRY--PERSONAL NAME
Personal name Foot, M. R. D.
Fuller form of name (Michael Richard Daniell),
Dates associated with a name 1919-2012.
942 ## - ADDED ENTRY ELEMENTS (KOHA)
Source of classification or shelving scheme Dewey Decimal Classification
Koha item type Books
Holdings
Lost status Source of classification or shelving scheme Damaged status Not for loan Collection code Permanent Location Current Location Shelving location Date acquired Source of acquisition Cost, normal purchase price Total Checkouts Full call number Date last seen Copy number Koha item type
  Dewey Decimal Classification   Added to bundle Non-fiction Central Library, University of Rajshahi Central Library, University of Rajshahi Reading Room 27/07/1972 Book Centre 13.75   942.0810924 HAG 1967 15/03/2014 C-1 Books